01058 2200241 4500001002100000005001500021035002000036007000300056008004100059020002200100082001000122084001600132100003400148245011800182250002600300260006500326300005000391700001500441700002100456650001700477520030500494990001700799INLIS00000000000048320260518092750 a0010-0523000025ta260518 j 1 ind  a978-602-367-474-9 a741.5 a741.5 AZI v0 aAzizah Nawang Wulandari , dkk1 aVas kesayangan Mama :bnext g /cAzizah Nawang Wulandari, dkk ; gambar, Faisal,dkk ; penyunting, Wiwit Wijiastuti a-Cet.I, Februari 2018 aBandung :bMuffin Granphics ( PT Cerita Anak Bangsa),c2018 a104 :bilus. ; gambar hitam putih ;c21 cme-0 aFaisal,dkk0 aWiwit Wijiastuti 4aKomik,Bacaan aSaat sedang membersihkan vas-vas cantik di rumah, Anne tidak sengaja menyenggol dan memecahkan vas milik mama. Anne kaget dan panik karena vas itu kesayangan mama. Dan benar saja, mama langsung sedih saat tau vas kesayangannya pecah. Apa yang harus Anne lakukan supaya bisa mengembalikan senyum mama? a00047/K/2019